000 00534nmm a22001697a 4500
003 OSt
005 20251114122237.0
006 ebook
008 251114b |||||||| |||| 00| 0 eng d
040 _cMRSPTU
100 _aWalther, Stephen
245 _aASP.Net 3.5 Unleashed (With Cd) (Sams)
260 _aNew Delhi
_bPearson
_c2006
300 _aComputer Science
856 _3Click here to access the e-book
_uhttps://ebookcentral.proquest.com/lib/gzsptuc/detail.action?docID=5127237&query=ASP.NET+2.0+Unleashed
942 _2ddc
_cEB
_n1
999 _c10616
_d10616